000 00367 a2200121 4500
001 ART_43745
005 20260410162025.0
008 260409a
245 1 0 _aAre affirmative action hires less qualified?
100 1 _aHolzer, Harry J.
700 1 _aNeumark, David
773 0 _tJournal of labor economics
_g- Vol. 17, NÂș 3 (jul. 1999)
_wREV43438
999 _c33510
_d33510